000 01401ngm a22004570a 4500
001 PT40926
003 AR-LpoUNG
005 20210201235906.0
007 vd cvaizq
008 191001s1984||||ag |||||||||||||||||spa d
037 _c$7.80
037 _c$8.91
040 _aAR-LpoUNG
_bspa
_cAR-LpoUNG
_eaacr
041 _aspa
044 _aag
082 0 _a982.063 684hij
100 1 _aSolanas, Fernando E.
_edir.
245 1 4 _aLos hijos de Fierro
260 _aBuenos Aires :
_bPágina 12,
_c1984.
300 _aDVD (133 min.) : son., byn
505 0 _aEstrenada en el año 1978 en el Festival de Cannes en Francia.
520 _aTestimonia la expulsión forzada de doscientos cincuenta mil villeros de la Capital Federal. El hecho ocasionó no solo la destrucción de la infraestructura física de las villas, sino principalmente la de sus lazos de solidaridad y organización.
650 4 _aARGENTINA
650 4 _aDICTADURA
650 4 _aGOBIERNO MILITAR
650 4 _aHISTORIA POLITICA
650 4 _aHISTORIA SOCIAL
650 4 _aMARGINALIDAD
650 4 _aPOBREZA
650 4 _aPROBLEMAS SOCIALES
650 4 _aRELACIONES COMUNITARIAS
650 4 _aTRABAJADORES
651 4 _aArgentina
653 _aCINE ARGENTINO
653 _aDOCUMENTALES
653 _aDVD
653 _aSOLANAS, PINO
653 _aVILLAS MISERIAS
905 _a40926
942 _cDVD
999 _c53724
_d53724